Countries That End In N By Flag Maps. - Statistics

General Stats
  • This quiz has been taken 50 times
  • The average score is 21 of 25
Answer Stats
Picture Answer % Correct
Kazakhstan
100%
Spain
100%
Iran
98%
Lebanon
98%
Bhutan
95%
Sweden
95%
Azerbaijan
88%
Pakistan
88%
Japan
85%
Kyrgyzstan
85%
Turkmenistan
85%
Uzbekistan
85%
Afghanistan
83%
South Sudan
83%
Taiwan
83%
Yemen
83%
Benin
80%
Cameroon
80%
Sudan
78%
Bahrain
75%
Oman
75%
Tajikistan
75%
Jordan
73%
Liechtenstein
70%
Gabon
65%
No matching quizzes found
Score Distribution
Percent of People with Each Score
Percentile by Number Answered
Your Score History
You have not taken this quiz